00711nam a2200169 a 4500008004100000020001500041050001500056100002000071245004500091246005100136260002700187300001900214350000900233995013200242995015000374999001700524120416s1992 ||||||||||||||||| || u a0978131090 aSB 110 Bio aThottappilly, G10aBiotechnologycedited by G. Thottappilly aenhancing research on tropical crops in Africa aNetherlandsbCTAc1992 ax, 364p. : ill a0.00 aSPECIAL COLLECTIONSD0.00e9004758FCBU-MAIN LIBRARY (Kitwe)H1I15.00jCTA(02)UAVAILABLEy9004758ZInternational Publications aMAIN LIBRARY OPEN ACCESSD0.00e725898FCBU-MAIN LIBRARY (Kitwe)H2I15.00jSB 111 BioM2UAVAILABLEy013680ZMain Library Open Access Collection c84684d84684